| 000 | 00320nam a22001217a 4500 | ||
|---|---|---|---|
| 082 |
_a574 _bSIE/B & IT |
||
| 100 | _aGOVT. OF INDIA | ||
| 245 |
_aSIET KERALA SSLC EXAMINATION BSED SPECIAL PROGRAMMES _bBIOLOGY & IT MALAYALAM |
||
| 260 |
_aNEW DELHI _bGOVT. OF INDIA |
||
| 300 | _bVCD | ||
| 520 | _aBIOLOGY & IT | ||
| 942 | _cBK | ||
| 999 |
_c7940 _d7940 |
||